00897cam a2200289 i 4500001000300000003000900003005001700012008003900029015001700068020001500085040003500100080001100135080001000146080002000156080001200176245007200188260003200260300002800292504002600320655003000346650003100376650002700407650002500434700003400459710001600493856009800509bgKOSZ 00520191223115728.0010316s2001 pl a f f |000 0 pol aPB 2001/8215 a8372511152 aWA NcKOSZ 005/HRdKOSZ 005/HR a316.77 a659.3 a339.3:004.738.5 a(075.8)00aMedia, komunikacja, biznes elektroniczny /cpod red. Bohdana Junga. aWarszawa :b"Difin",c2001. a293 s. :bil. ;c23 cm. aBibliogr. przy rozdz. 4aPodręczniki akademickie 4aŚrodki masowego przekazu 4aKomunikacja społeczna 4aHandel elektroniczny1 aJung, Bohdand(1953- ).eRed.2 aDifin4pbl. uhttp://koha.tu.koszalin.pl/cgi-bin/koha/opac-detail.pl?biblionumber=39848yKatalog online BPK